[Event "Lone Pine op"]
[Site "Lone Pine"]
[Date "1978.??.??"]
[Round "7"]
[White "Angantysson, Haukur"]
[Black "Christiansen, Larry Mark"]
[Result "1-0"]
[WhiteElo "2350"]
[BlackElo "2500"]

1.d4 g6 2.c4 Bg7 3.Nc3 d6 4.e4 Nf6 5.f3 Nbd7 6.Be3 c6 7.Bd3 O-O 8.Nge2 e5
9.d5 Nc5 10.Bc2 a5 11.O-O Nh5 12.a3 cxd5 13.Nxd5 a4 14.Nec3 Bd7 15.Bxc5 dxc5
16.Bxa4 Be6 17.Bb5 Bh6 18.Qe2 Qh4 19.Qf2 Qg5 20.Qxc5 Rac8 21.Qf2 f5 22.Qb6 Bf7
23.Rae1 Nf4 24.Nxf4 exf4 25.e5 Qd8 26.Qxd8 Rfxd8 27.e6 Be8 28.h4 Bg7 29.Rd1 Bd4+
30.Kh2 Bxc3 31.bxc3 Kf8 32.Rfe1 Rxd1 33.Rxd1 Bxb5 34.cxb5 Rxc3 35.Rd7 Rxa3
36.Rxh7 Re3 37.Rxb7 Rxe6 38.b6 Ke8 39.g3 Kd8 40.Rb8+ Kd7 41.gxf4 Kc6 42.Kg3 Re1
43.Rg8 Re6 44.Rb8 Re1 45.Kf2 Re6 46.Rh8 Kxb6 47.Rh6 Kc5 48.h5 Re7 49.Rxg6 Kd4
50.Rd6+ Kc5 51.Rf6 Kd4 52.Rxf5 Ra7 53.h6  1-0

[Event "Hastings7980"]
[Site "Hastings"]
[Date "1979.??.??"]
[Round "4"]
[White "Stean, Michael"]
[Black "Christiansen, Larry Mark"]
[Result "1/2-1/2"]
[WhiteElo "2540"]
[BlackElo "2475"]

1.c4 e5 2.Nc3 Nf6 3.Nf3 Nc6 4.d3 Be7 5.e3 O-O 6.Be2 d5 7.cxd5 Nxd5 8.O-O Be6
9.a3 a5 10.Bd2 Kh8 11.Nxd5 Qxd5 12.Bc3 f6 13.Qc2 Rfd8 14.Rad1 Qb3 15.Qc1 Qa4
16.d4 exd4 17.Nxd4 Nxd4 18.Rxd4 Rxd4 19.Bxd4 c5 20.Bc3 b5 21.Qb1 Rd8 22.Bd1 Qh4
23.Bxa5 Rd7 24.Bf3 Qa4 25.Bc3 g6 26.Rd1 Bf5 27.Rxd7 Bxb1 28.Rxe7 b4 29.Bxf6+ Kg8
30.Bd5+ Kf8 31.b3 Qa6 32.Rf7+ Ke8 33.Re7+ Kf8 34.Rf7+ Ke8 35.Re7+  1/2-1/2

[Event "Hastings7980"]
[Site "Hastings"]
[Date "1979.??.??"]
[Round "6"]
[White "Bellin, Robert"]
[Black "Christiansen, Larry Mark"]
[Result "1/2-1/2"]
[WhiteElo "2425"]
[BlackElo "2475"]

1.d4 Nf6 2.Nc3 d5 3.Bg5 Nbd7 4.Nf3 h6 5.Bh4 e6 6.Qd3 c5 7.e4 cxd4 8.Qxd4 dxe4
9.Nxe4 Qa5+ 10.c3 Nxe4 11.Qxe4 Nf6 12.Qe5 Qxe5+ 13.Nxe5 Bd6 14.Nc4 Bc7 15.Bg3 Bxg3
16.hxg3 Ke7 17.Be2 Rd8 18.Bf3 Rb8 19.Ne5 Nd7 20.Nxd7 Bxd7 21.O-O-O b6  1/2-1/2

[Event "Hastings7980"]
[Site "Hastings"]
[Date "1979.??.??"]
[Round "8"]
[White "Makarichev, Sergey"]
[Black "Christiansen, Larry Mark"]
[Result "1/2-1/2"]
[WhiteElo "2500"]
[BlackElo "2475"]

1.c4 e5 2.Nc3 Nf6 3.Nf3 Nc6 4.g3 d5 5.cxd5 Nxd5 6.Bg2 Nb6 7.O-O Be7 8.a3 a5
9.Na4 Nxa4 10.Qxa4 O-O 11.d3 Bd7 12.Qc2 Be6 13.b3 Ra7 14.Bb2 Nd4 15.Nxd4  1/2-1/2

[Event "Hastings7980"]
[Site "Hastings"]
[Date "1979.??.??"]
[Round "10"]
[White "Zilber, Israel"]
[Black "Christiansen, Larry Mark"]
[Result "1/2-1/2"]
[WhiteElo "2410"]
[BlackElo "2475"]

1.Nf3 g6 2.d4 Bg7 3.g3 Nf6 4.Bg2 O-O 5.O-O d5 6.c4 dxc4 7.Na3 Nc6 8.Nxc4 Be6
9.b3 a5 10.Bb2 Bd5 11.Ne3 Be4 12.a3 Nd5 13.Nc4 Nb6 14.e3 Re8 15.Qe2 Nxc4
16.bxc4 e5 17.d5 Nb8 18.Nd2 Bxg2 19.Kxg2 e4 20.Bxg7 Kxg7 21.f3 exf3+ 22.Nxf3 Nd7
23.Qb2+ Kg8 24.Rae1 Qe7 25.e4 Ne5 26.Nxe5 Qxe5 27.Rf2 b6 28.c5 bxc5 29.Qxe5 Rxe5
30.Rc2 c6 31.Rxc5 cxd5 32.Rxd5 Rae8 33.Rxe5 Rxe5 34.Kf3 Rb5 35.e5 Kf8 36.Ke4 Ke7
37.Rd1 Rb2  1/2-1/2

[Event "Hastings7980"]
[Site "Hastings"]
[Date "1979.??.??"]
[Round "13"]
[White "Christiansen, Larry Mark"]
[Black "Raicevic, Vladimir"]
[Result "0-1"]
[WhiteElo "2475"]
[BlackElo "2440"]

1.c4 e6 2.Nc3 d5 3.d4 Nf6 4.Bg5 Nbd7 5.e3 c6 6.cxd5 exd5 7.Bd3 Be7 8.Qc2 O-O
9.Nf3 Re8 10.h3 a5 11.Ne5 Nf8 12.O-O-O Ne4 13.Nxe4 Bxg5 14.Nxg5 Qxg5 15.h4 Qe7
16.Kb1 f6 17.Nf3 Bg4 18.h5 Qf7 19.Rdg1 Bxh5 20.Nh4 Bg4 21.Rh2 g6 22.Rgh1 Re7
23.Qc5 Rd7 24.f3 Be6 25.g4 Qe7 26.Qc1 Qd6 27.f4 Bxg4 28.Qg1 f5 29.Bxf5 Bxf5+
30.Nxf5 Qe6 31.Nh6+ Kh8 32.Ng4 Rc8 33.Ne5 Rg7 34.Ka1 Kg8 35.Qg5 c5 36.dxc5 Rxc5
37.Rd2 Rgc7 38.Rdd1 Rc2 39.Ng4 Kh8 40.a3 Rg2 41.Rhg1 Rxg1 42.Rxg1 h5 43.Nf6 Nh7
44.Nxh7 Kxh7 45.Qd8 Rd7 46.Qc8 Re7 47.Qd8 Qxe3 48.Rd1 Rf7 49.Qxd5 Qxf4 50.Qxa5 h4
51.Qd5 Qf3 52.Qd8 Qe4 53.Qc8 Qf5 54.Qc4 g5 55.Rg1 Kh6 56.Qc3 Qf6 57.Qc8 Qf5
58.Qh8+ Rh7 59.Qd8 Rf7 60.Qh8+ Qh7 61.Qd8 Rf5 62.Rd1 Qf7 63.Qh8+ Kg6 64.Qd8 Rf3
65.Qb6+ Kh5 66.Qb5 Re3 67.Rg1 Qf6 68.Qc5 Qe5 69.Qb4 Qe4 70.Qa5 Qe5 71.Qb4 b5
72.Ka2 Re4 73.Qd2 g4 74.Rc1 Re2 75.Qb4 h3 76.a4 bxa4 77.Rc5 Rxb2+ 78.Qxb2 Qxc5
79.Qh8+ Kg5 80.Qg7+ Kf4 81.Qh6+ Qg5 82.Qd6+ Qe5 83.Qd2+ Qe3 84.Qc1  0-1

[Event "Lone Pine op"]
[Site "Lone Pine"]
[Date "1979.??.??"]
[Round "1"]
[White "Chandler, Murray G"]
[Black "Christiansen, Larry Mark"]
[Result "1/2-1/2"]
[WhiteElo "2380"]
[BlackElo "2475"]

1.e4 c5 2.c3 e6 3.d4 d5 4.exd5 Qxd5 5.Nf3 Nf6 6.Bd3 Nc6 7.O-O cxd4 8.cxd4 Be7
9.Nc3 Qd8 10.Bg5 O-O 11.Rc1 b6 12.Bxf6 Bxf6 13.Be4 Bb7 14.d5 exd5 15.Nxd5 Bxb2
16.Rc2 f5 17.Bd3 Kh8 18.Ne3 Ne5 19.Nxe5 Bxe5 20.Bxf5 g6 21.Bh3 Qe7 22.Nc4 Rad8
23.Qe1 Bf6 24.Qxe7 Bxe7 25.g3 Bc5 26.Re1 Bb4 27.Rec1 Be4 28.Rb2 Bc5 29.Re1 Bd5
30.Ne5 Rde8 31.Bg2 Bd4 32.Rd2 Bxe5  1/2-1/2

[Event "Lone Pine op"]
[Site "Lone Pine"]
[Date "1979.??.??"]
[Round "2"]
[White "Christiansen, Larry Mark"]
[Black "Whitehead, Jay E"]
[Result "1/2-1/2"]
[WhiteElo "2475"]
[BlackElo "2235"]

1.d4 Nf6 2.Nf3 d5 3.c4 dxc4 4.e3 Bg4 5.Bxc4 e6 6.h3 Bh5 7.Nc3 Nbd7 8.O-O Bd6
9.e4 e5 10.Be2 O-O 11.dxe5 Nxe5 12.Bg5 Bxf3 13.Bxf3 h6 14.Bh4 Ng6 15.Bxf6 Qxf6
16.g3 Rad8 17.Qe2 c6 18.Bg2 Bb4 19.Rac1 Ne5 20.Rfd1 Rxd1+ 21.Rxd1 Bxc3 22.bxc3 Rd8
23.f4 Rxd1+ 24.Qxd1 Nc4 25.e5 Qe7 26.Qd4 Nb6 27.a4 Qa3 28.Qd8+ Qf8 29.Qd4 Qa3
30.Kh2 Qxa4 31.Qd8+ Kh7 32.Qe7 Nd5 33.Qxf7 Qc2 34.Qxb7 Ne3 35.Qxc6 Qf2 36.Qe4+  1/2-1/2

[Event "Lone Pine op"]
[Site "Lone Pine"]
[Date "1979.??.??"]
[Round "4"]
[White "Christiansen, Larry Mark"]
[Black "Van der Wiel, John TH"]
[Result "1/2-1/2"]
[WhiteElo "2475"]
[BlackElo "2400"]

1.d4 Nf6 2.Nf3 g6 3.c4 Bg7 4.Nc3 O-O 5.Bg5 h6 6.Bh4 c5 7.e3 Qa5 8.Be2 g5
9.Bg3 Ne4 10.Qc2 cxd4 11.exd4 d5 12.cxd5 Bf5 13.Bd3 Nxc3 14.bxc3 Bxd3 15.Qxd3 Rc8
16.O-O Qxd5 17.Rfe1 e6 18.Rac1 Qxa2 19.c4 Nd7 20.h4 gxh4 21.Bxh4 b5 22.cxb5 Qd5
23.Bg3 Rc5 24.Rxc5 Nxc5 25.Qc2 Nb3 26.Qa2 Nxd4 27.Qxd5 exd5 28.Nxd4 Bxd4
29.Rd1 Bb6 30.Rxd5 Rc8 31.Kh2 Rc2 32.Rf5 Bc7 33.f4 Kg7 34.Bh4 Ra2 35.Kh3 a6
36.bxa6  1/2-1/2

[Event "Lone Pine op"]
[Site "Lone Pine"]
[Date "1979.??.??"]
[Round "7"]
[White "Ostojic, Predrag"]
[Black "Christiansen, Larry Mark"]
[Result "1/2-1/2"]
[WhiteElo "2410"]
[BlackElo "2475"]

1.e4 c6 2.d4 d5 3.exd5 cxd5 4.Bd3 Nf6 5.c3 Bg4 6.Ne2 e6 7.Qb3 Bxe2 8.Bxe2 Qc7
9.Bg5 Ne4 10.Be3 Nc6 11.Nd2 Nxd2 12.Bxd2 Bd6 13.g3 h5 14.h4 O-O-O 15.Qd1 e5
16.dxe5 Bxe5 17.Bxh5 d4 18.Qf3 Kb8 19.O-O dxc3 20.Bxc3 Bxc3 21.bxc3 Ne5 22.Qe2 g6
23.Bf3 Rd2 24.Qe4 Rhd8 25.Bg2 f5 26.Qf4 Ng4 27.Rab1 Qxf4 28.Rxb7+ Kc8 29.gxf4 Rxa2
30.Rfb1 Rdd2 31.Rb8+ Kc7 32.R1b7+ Kd6 33.Rd8+ Ke6 34.Rxa7 Rxa7 35.Rxd2 Ra1+
36.Bf1 Rc1 37.c4 Nf6 38.Kg2 Nh5 39.Rd4 Kf6 40.Be2 Ng7 41.Rd1 Rc3 42.Rd3 Rc2
43.Re3 Ne6 44.Kg3 Rc1 45.Bf3 Nxf4 46.Bd5 g5 47.hxg5+ Kxg5 48.Re8 Rc3+ 49.f3 Nh5+
50.Kf2 Kf4 51.Ke2 Nf6 52.Re6 Nxd5 53.cxd5 Rc5 54.d6 Rd5 55.Kf2 Rd2+ 56.Ke1 Rd3
57.Ke2  1/2-1/2

[Event "Lone Pine op"]
[Site "Lone Pine"]
[Date "1979.??.??"]
[Round "9"]
[White "Janosevic, Dragoljub"]
[Black "Christiansen, Larry Mark"]
[Result "1/2-1/2"]
[WhiteElo "2400"]
[BlackElo "2475"]

1.e4 c5 2.Nf3 Nc6 3.d4 cxd4 4.Nxd4 Qc7 5.Nc3 e6 6.Be2 a6 7.O-O b5 8.Nxc6 dxc6
9.f4 Bb7 10.Qe1 b4 11.Na4 Nf6 12.e5 Nd5 13.Bd2 Be7 14.c4 Nb6 15.Nxb6 Qxb6+
16.Kh1 O-O 17.Bf3 Rad8 18.a3 a5 19.axb4 Bxb4 20.Bxb4 axb4 21.Qe2 g6 22.Rfd1 Rd4
23.Rxd4  1/2-1/2

[Event "Tallinn"]
[Site "Tallinn"]
[Date "1979.??.??"]
[Round "11"]
[White "Christiansen, Larry Mark"]
[Black "Vooremaa, Andres"]
[Result "0-1"]
[WhiteElo "2475"]
[BlackElo "2395"]

1.e4 e6 2.d4 d5 3.Nd2 Nf6 4.e5 Nfd7 5.Bd3 c5 6.c3 Nc6 7.Ngf3 cxd4 8.cxd4 Qb6
9.O-O Nxd4 10.Nxd4 Qxd4 11.Nf3 Qb6 12.Qc2 h6 13.Be3 Bc5 14.Bd2 Bb4 15.Bf4 g5
16.Be3 Bc5 17.Rac1 Bxe3 18.fxe3 Qxe3+ 19.Kh1 g4 20.Nh4 O-O 21.Rce1 Qg5 22.g3 Nxe5
23.Bh7+ Kg7 24.Qc7 Kxh7 25.Rxe5 Qg7 26.Rc1 Bd7 27.Qc2+ Kg8 28.Rce1 Rac8 29.Qd2 Rc4
30.b3 Rc6 31.Rh5 Kh7 32.Ng2 f5 33.Nf4 Rfc8 34.Nd3 Rc2 35.Qf4 d4 36.Ne5 Be8
37.Rh4 Bc6+ 38.Kg1 Bd5 39.Nf7 Rg2+ 40.Kf1 Rcc2 41.Nxh6 Rcf2+ 42.Qxf2 Rxf2+
43.Kxf2 Kg6 44.Nxg4 Be4 45.Kg1 d3 46.Nf2 d2 47.Rf1 Qd4 48.g4 f4 49.Rh3 Bc2
50.Rf3 e5 51.h4 e4 52.Rxf4 Qe3 53.h5+ Kg7 54.Rf5  0-1

[Event "Tallinn"]
[Site "Tallinn"]
[Date "1979.??.??"]
[Round "16"]
[White "Sax, Gyula"]
[Black "Christiansen, Larry Mark"]
[Result "1-0"]
[WhiteElo "2590"]
[BlackElo "2475"]

1.e4 c6 2.d4 d5 3.Nd2 dxe4 4.Nxe4 Nd7 5.Nf3 Ngf6 6.Nxf6+ Nxf6 7.g3 Bg4 8.Bg2 e6
9.c3 Be7 10.Qb3 Qd5 11.Qxb7 Bxf3 12.Qxa8+ Bd8 13.Bxf3 Qxf3 14.O-O h5 15.Qb8 h4
16.Qf4 Qe2 17.Qe3 Qh5 18.g4 Qxg4+ 19.Kh1 Qf5 20.Qg5 Qd3 21.Be3 h3 22.Qf4 Rh5
23.Qf3 Kd7 24.Rad1 Qc2 25.Rd2 Qh7 26.c4 Ra5 27.d5 cxd5 28.b4 Ra3 29.cxd5 e5
30.Re1 Qe4 31.Qxe4 Nxe4 32.Rc2 f5 33.Bc5 g5 34.Re3 Rxe3 35.Bxe3 a6 36.f3 Nd6
37.Rc6 f4 38.Bc5 Nc4 39.Rxa6 Nd2 40.Ra3 g4 41.fxg4 f3 42.Ra7+ Kc8 43.Ra8+ Kd7
44.Rxd8+ Kxd8 45.g5 Ne4 46.g6 f2 47.Bxf2  1-0

[Event "Malta ol (Men)"]
[Site "La Valetta"]
[Date "1980.??.??"]
[Round "?"]
[White "Christiansen, Larry Mark"]
[Black "Plachetka, Jan"]
[Result "1/2-1/2"]
[WhiteElo "2485"]
[BlackElo "2480"]

1.g3 Nf6 2.Bg2 d5 3.d3 e5 4.Nf3 Bd6 5.O-O O-O 6.Nc3 c6 7.e4 dxe4 8.Nxe4 Nxe4
9.dxe4 Qe7 10.Nh4 g6 11.Bh6 Re8 12.Qf3 Nd7 13.Rfd1 Bc5 14.Rd2 Nf8 15.c3 f6
16.Rad1 a5 17.Bf1 Be6 18.g4 Rad8 19.Nf5 gxf5 20.gxf5 Rxd2 21.Rxd2 Bc8 22.Bc4+ Kh8
23.Qh5 Ne6 24.Bxe6 Bxe6 25.fxe6 Rg8+ 26.Kh1 Qxe6 27.Qf5 Qf7 28.Rd7 Qg6 29.Qxg6 Rxg6
30.Rd8+ Rg8 31.Rxg8+ Kxg8 32.Kg2 a4 33.b3 axb3 34.axb3 Kf7  1/2-1/2

[Event "Malta ol (Men)"]
[Site "La Valetta"]
[Date "1980.??.??"]
[Round "?"]
[White "Quinteros, Miguel A"]
[Black "Christiansen, Larry Mark"]
[Result "1/2-1/2"]
[WhiteElo "2515"]
[BlackElo "2485"]

1.Nf3 g6 2.d4 Bg7 3.e4 d6 4.Bc4 Nc6 5.O-O Nf6 6.Qe2 O-O 7.Rd1 Nd7 8.Be3 Nb6
9.Bb5 a6 10.Bxc6 bxc6 11.a4 a5 12.b3 c5 13.Ra2 cxd4 14.Bxd4 Bxd4 15.Rxd4 c5
16.Rd1 c4 17.Nc3 Qc7 18.Qe3 Bg4 19.Nb5 Qc5 20.Nbd4 Rac8 21.h3 Bxf3 22.Qxf3 Nd7
23.Nb5 Qe5 24.Qe3 f5 25.Qa7 Nc5 26.Qxa5 fxe4 27.Qc3 Qxc3 28.Nxc3 cxb3 29.cxb3 Nxb3
30.Nxe4 Rc4 31.f3 Ra8 32.Rb1 Na5 33.Rb5 Nc6 34.a5 Rb4 35.Rxb4 Nxb4 36.Ra4 Nc6
37.a6 Kf7 38.Nc3 Nb8 39.Nd5 Rxa6 40.Rxa6 Nxa6 41.Nxe7  1/2-1/2

[Event "Lone Pine"]
[Site "Lone Pine"]
[Date "1980.??.??"]
[Round "1"]
[White "Arnason, Jon L"]
[Black "Christiansen, Larry Mark"]
[Result "1-0"]
[WhiteElo "2435"]
[BlackElo "2485"]

1.e4 c6 2.d4 d5 3.Nd2 dxe4 4.Nxe4 Nf6 5.Nxf6+ gxf6 6.c3 Bf5 7.Nf3 e6 8.g3 Bd6
9.Bg2 Nd7 10.O-O Qc7 11.Be3 Bg4 12.Qb3 Bxf3 13.Bxf3 h5 14.c4 h4 15.c5 Be7
16.Qa4 hxg3 17.fxg3 a6 18.b4 O-O-O 19.Qc2 Rdg8 20.a4 f5 21.Bg2 Nf6 22.Rad1 Ng4
23.Bf4 Bg5 24.Qd3 Bxf4 25.Rxf4 Rxh2 26.b5 axb5 27.axb5 Rxg2+ 28.Kxg2 Nf6
29.Rf3 Nd5 30.Rdf1 Qa5 31.bxc6 bxc6 32.Qa3 Qxa3 33.Rxa3 Rg4 34.Ra8+ Kd7 35.Ra7+ Ke8
36.Rb1 Kf8 37.Rbb7 f4 38.Rxf7+ Kg8 39.Rfd7 Rxg3+ 40.Kf2 Kh8 41.Rh7+ Kg8 42.Rhd7 Kh8
43.Ra8+ Rg8 44.Rxg8+ Kxg8 45.Rd6 Kf7 46.Rxc6 Kf6 47.Rd6 Nc3 48.Kf3 Nb5 49.Rd7 e5
50.c6  1-0

[Event "Lone Pine"]
[Site "Lone Pine"]
[Date "1980.??.??"]
[Round "8"]
[White "Christiansen, Larry Mark"]
[Black "Root, Douglas"]
[Result "1/2-1/2"]
[WhiteElo "2485"]
[BlackElo "2360"]

1.c4 Nf6 2.Nc3 g6 3.g3 Bg7 4.Bg2 O-O 5.e4 c5 6.Nge2 Nc6 7.O-O Ne8 8.a3 Nc7
9.Rb1 Rb8 10.b4 b5 11.cxb5 Nxb5 12.Nxb5 Rxb5 13.Qa4 Rb8 14.Bb2 Bxb2 15.Rxb2 cxb4
16.axb4 Qb6 17.b5 a6 18.Nc3 axb5 19.Rxb5 Qa6 20.Rxb8 Qxa4 21.Nxa4 Nxb8 22.Rc1 Ba6
23.Nb6 Rd8 24.f4 d6 25.Rc7 Kf8 26.Kf2 Bb5 27.Ke3 Na6 28.Ra7 Nb4 29.Rc7 Rb8
30.Nd7+ Bxd7 31.Rxd7 Nc2+ 32.Ke2 Nd4+ 33.Kd3 Nb3 34.Rc7 Nc5+ 35.Kc2 Ne6 36.Rc4 Ke8
37.f5 Nf8 38.Rc7 Nd7 39.d4 Nb6 40.Bh3 g5 41.Kd3 Nd7 42.Bg4 Kd8 43.Ra7 f6
44.Bd1 Nb6 45.Bb3 Nc8 46.Ra3 Nb6 47.Be6 Na8 48.h4 h6 49.Ra2 Nc7 50.hxg5 hxg5
51.Rh2 Nxe6 52.fxe6 Rb7 53.Rh8+ Kc7 54.Re8 Kc6 55.Kc4 Rc7 56.Rd8 Rb7 57.Rc8+ Rc7
58.Rd8 Rb7 59.g4 Rc7 60.Kd3 Rb7 61.Rc8+ Rc7 62.Ra8 Kb7 63.Re8 Kc6 64.Ke3 Ra7
65.Rc8+ Rc7 66.Ra8 Kb7 67.Rf8 Kc6 68.Kd3 Ra7 69.Rc8+ Rc7 70.Rg8 Ra7 71.Kc4 Rc7
72.d5+ Kb6+ 73.Kb4 Ra7 74.Rc8 Rc7 75.Rg8 Ra7 76.Rg7 Rc7  1/2-1/2

[Event "Lone Pine"]
[Site "Lone Pine"]
[Date "1980.??.??"]
[Round "9"]
[White "Wilder, Michael"]
[Black "Christiansen, Larry Mark"]
[Result "1/2-1/2"]
[WhiteElo "2305"]
[BlackElo "2485"]

1.Nf3 g6 2.g3 Bg7 3.Bg2 c5 4.O-O Nc6 5.d3 d6 6.e4 Bg4 7.h3 Bxf3 8.Qxf3 Nf6
9.Nc3 O-O 10.Bg5 h6 11.Be3 Rb8 12.Qd1 b5 13.Qd2 Kh7 14.a3 b4 15.axb4 cxb4
16.Ne2 d5 17.Nd4 Nxd4 18.Bxd4 dxe4 19.Bxa7 Rb5 20.Rfd1 exd3 21.Be3 e6 22.Bc6 Ra5
23.cxd3 Rxa1 24.Rxa1 Qd6 25.Bg2 Rd8 26.Rc1 b3 27.Rc3 Qb4 28.Qc1 Nd5 29.Rc4 Qe7
30.Bc5 Qd7 31.d4 Ra8 32.Qd1 Qb5 33.Bxd5 exd5 34.Rb4 Qd7 35.Kg2 Ra2 36.Rxb3 Qa4
37.Qd3 Qd7 38.Qf3 Ra1 39.Rd3 Qb5 40.b4 Re1 41.Kh2 Re4 42.Re3 f5 43.Rxe4 dxe4
44.Qb3 Qf1 45.Qe3 h5 46.d5 h4 47.Bd6 Qd3 48.Qc5 hxg3+ 49.Bxg3 g5 50.d6 f4
51.Qf5+ Kh6 52.Qe6+ Kh7 53.Qf5+ Kh6  1/2-1/2

[Event "Jacksonville playoff"]
[Site "Jacksonville"]
[Date "1981.??.??"]
[Round "1"]
[White "Christiansen, Larry Mark"]
[Black "Kavalek, Lubomir"]
[Result "1/2-1/2"]
[WhiteElo "2575"]
[BlackElo "2595"]

1.Nf3 Nf6 2.c4 e6 3.Nc3 d5 4.d4 Be7 5.Bg5 O-O 6.e3 h6 7.Bxf6 Bxf6 8.Rc1 c6
9.Bd3 Nd7 10.cxd5 exd5 11.b4 a6 12.O-O Be7 13.Qb3 Nf6 14.Rc2 Bd6 15.a4 Re8
16.b5 a5  1/2-1/2

[Event "Jacksonville playoff"]
[Site "Jacksonville"]
[Date "1981.??.??"]
[Round "2"]
[White "Christiansen, Larry Mark"]
[Black "Reshevsky, Samuel Herman"]
[Result "1/2-1/2"]
[WhiteElo "2575"]
[BlackElo "2470"]

1.c4 e6 2.Nc3 Nf6 3.e4 d5 4.e5 Ne4 5.Nf3 Nc6 6.Be2 Be7 7.d4 O-O 8.O-O b6
9.Qc2 Nxc3 10.bxc3 Ba6 11.Bd3 h6 12.cxd5 Bxd3 13.Qxd3 exd5 14.Re1 Kh8 15.e6 Qd6
16.exf7 Rxf7 17.Bd2 Qf6 18.Re2 Qf5 19.Qb5 Qd7 20.Rae1 Bd6 21.Qb1 Qf5 22.Qd1 Re7
23.Rxe7 Nxe7 24.Nh4 Qf7 25.Qg4 Kh7 26.Re3 Rf8 27.Rf3 Qe8 28.g3 Rxf3 29.Qxf3 Kg8
30.Qg4 Qc8 31.Qe2 c5 32.Bf4 Bxf4 33.Qxe7 Bg5 34.Qd6 Bxh4 35.Qxd5+ Kh8 36.gxh4  1/2-1/2

[Event "Linares"]
[Site "Linares"]
[Date "1981.??.??"]
[Round "?"]
[White "Karpov, Anatoly"]
[Black "Christiansen, Larry Mark"]
[Result "1-0"]
[WhiteElo "2690"]
[BlackElo "2515"]

1.e4 d6 2.d4 Nf6 3.Nc3 g6 4.f4 Bg7 5.Nf3 O-O 6.Be3 Nc6 7.Qd2 e5 8.dxe5 dxe5
9.Qxd8 Rxd8 10.fxe5 Ng4 11.Bg5 Rd7 12.Bb5 h6 13.Bd2 Rd8 14.Nd5 Ncxe5 15.Nxc7 Rb8
16.h3 Nxf3+ 17.gxf3 Nf2 18.Rf1 Bxb2 19.Rb1 Bd4 20.Nd5 Nxh3 21.Bxh6 Be6 22.Rd1 Be5
23.f4 Bg7 24.Bxg7 Kxg7 25.Rd3 g5 26.Rg3 Bxd5 27.exd5 Rxd5 28.Bd3 Rh8 29.Rff3 Nxf4
30.Rxf4 Rh2 31.a4 b6 32.Rc4 Rh1+ 33.Kd2 Ra1 34.Rf3 Rd7 35.Rf5 f6 36.Kc3 Rf7
37.Rd5 Rg1 38.Rc8 g4 39.Rh5 f5 40.Bxf5 g3 41.Rh7+  1-0

[Event "Lone Pine op"]
[Site "Lone Pine"]
[Date "1981.??.??"]
[Round "?"]
[White "Christiansen, Larry Mark"]
[Black "Kortschnoj, Viktor"]
[Result "1/2-1/2"]
[WhiteElo "2515"]
[BlackElo "2650"]

1.g3 e5 2.Bg2 d5 3.d3 c6 4.Nf3 Nd7 5.O-O Bd6 6.Nc3 Ne7 7.e4 d4 8.Ne2 h6 9.Nd2 Nb6
10.f4 f6 11.fxe5 fxe5 12.c3 dxc3 13.bxc3 Be6 14.Nf3 O-O 15.Be3 Rf6 16.a4 Qc7
17.a5 Nd7 18.d4 Rd8 19.Qa4 Qb8 20.dxe5 Nxe5 21.Nxe5 Bxe5 22.Nd4 Bf7 23.Qb4 Bd6
24.Qb2 Rxf1+ 25.Rxf1 Bc5 26.Kh1 b6 27.axb6 axb6 28.Bf4 Qc8 29.Nb3 Bd6 30.Bxd6 Rxd6
31.Nd4 Rg6 32.Nf5 Nxf5 33.exf5 Rf6 34.Qxb6 Rxf5 35.Rxf5  1/2-1/2

[Event "US op"]
[Site "Palo Alto"]
[Date "1981.??.??"]
[Round "3"]
[White "Christiansen, Larry Mark"]
[Black "Tomey, Mike"]
[Result "1/2-1/2"]
[WhiteElo "2630"]
[BlackElo "2150"]

1.c4 c5 2.Nf3 Nf6 3.Nc3 Nc6 4.d4 cxd4 5.Nxd4 g6 6.e4 Bg7 7.Be3 Ng4 8.Qxg4 Nxd4
9.Qd1 Ne6 10.Rc1 Qa5 11.Qd2 d6 12.Bd3 Bd7 13.O-O Nc5 14.Bb1 Na4 15.Bd4 Bxd4
16.Qxd4 O-O 17.Nd5 Qd8 18.e5 Bc6 19.Rfe1 Bxd5 20.cxd5 Nb6 21.e6 Rc8 22.exf7+ Rxf7
23.Be4 Qf8 24.g3 Rxc1 25.Rxc1 Qg7 26.Qd2 Qf6 27.f4 e5 28.dxe6 Qxe6 29.Re1 Re7
30.f5 Qe5 31.Re2 Qc5+ 32.Kg2 d5 33.Bd3 Rxe2+ 34.Qxe2 Qd6 35.h4 Kf7 36.Qf2 Qf6
37.b3 g5 38.hxg5 Qxg5 39.Qe2 Qf6 40.Qh5+ Kg7 41.Qe8 Qd6 42.g4 Qf4 43.Qe7+ Kg8
44.Be2 Qe4+ 45.Qxe4 dxe4 46.Kg3 h6 47.Kf4 Nd5+ 48.Kxe4 Nc3+ 49.Kd3 Nxa2 50.Kc4 Kg7
51.Bf3 b6 52.Kb5 Nc1 53.Bd5 Kf6 54.b4 a5 55.bxa5 bxa5 56.Bc4 h5  1/2-1/2

[Event "US op"]
[Site "Palo Alto"]
[Date "1981.??.??"]
[Round "9"]
[White "Grefe, John A"]
[Black "Christiansen, Larry Mark"]
[Result "1/2-1/2"]
[WhiteElo "2502"]
[BlackElo "2630"]

1.e4 c6 2.d3 d5 3.Nd2 e5 4.Ngf3 Bd6 5.d4 exd4 6.exd5 cxd5 7.Nxd4 Nc6 8.N2f3 Nge7
9.Be2 O-O 10.O-O a6 11.Be3 Qc7 12.h3 Bd7 13.Rc1 Rac8 14.Nxc6 Bxc6 15.Nd4 Bd7
16.Bd3 Rfe8 17.Qh5 g6 18.Qh4 Be5 19.Rfe1 Nc6 20.c3 Bg7 21.Nf3 Ne5 22.Nxe5 Qxe5
23.Re2 Bf6 24.Qb4 Bc6 25.Rce1 Qc7 26.Bb6 Qd7 27.Qf4 Bg7 28.Bd4  1/2-1/2

[Event "US op"]
[Site "Palo Alto"]
[Date "1981.??.??"]
[Round "11"]
[White "Gheorghiu, Florin"]
[Black "Christiansen, Larry Mark"]
[Result "1/2-1/2"]
[WhiteElo "2653"]
[BlackElo "2630"]

1.c4 Nf6 2.Nc3 e5 3.Nf3 Nc6 4.d4 exd4 5.Nxd4 Bc5 6.Nxc6 bxc6 7.e3 O-O 8.Be2 d5
9.O-O Bd6 10.g3 dxc4 11.Qd4 c5 12.Qxc4 Rb8 13.Bf3 Ng4 14.Bg2 Ne5 15.Qa4 Bg4
16.f4 Nd3 17.Qc2 c4 18.Ne4 Qe7 19.b3 Nxc1 20.Qxc1 Be2 21.Rf2 Ba3 22.Qd2 Bd3
23.Nc3 Rfe8 24.bxc4 Bxc4 25.Bf1 Qxe3 26.Qxe3 Rxe3 27.Rc2 Bc5 28.Kg2 Rxc3
29.Rxc3 Bd5+ 30.Kh3 Bd4 31.Rac1 Bxc3 32.Rxc3 c6 33.Bc4 Rd8 34.Bxd5 cxd5 35.Kg2 g6
36.Kf3 Rd7 37.Rc6  1/2-1/2

[Event "USA-ch/zt"]
[Site "South Bend"]
[Date "1981.??.??"]
[Round "6"]
[White "Christiansen, Larry Mark"]
[Black "Alburt, Lev O"]
[Result "1-0"]
[WhiteElo "2575"]
[BlackElo "2580"]

1.e4 Nf6 2.e5 Nd5 3.d3 d6 4.Nf3 Nb6 5.a4 a5 6.Nc3 Bg4 7.h3 Bh5 8.e6 fxe6
9.Be2 Bxf3 10.Bxf3 c6 11.Qe2 g6 12.Ne4 Na6 13.Ng5 Nc7 14.Bg4 Bh6 15.Nxe6 Nxe6
16.Bxe6 Bxc1 17.Rxc1 Nxa4 18.O-O d5 19.b3 Nb6 20.Qe5 Rf8 21.Qg7 Qd6 22.Rce1 Qf4
23.Bd7+ Kxd7 24.Rxe7+ Kd8 25.Rxb7 Ra6 26.Qe7+ Kc8 27.g3 Rf7 28.Qxf7 Qxf7
29.Rxf7 a4 30.Re1 Kd8 31.bxa4 Rxa4 32.Rb1 Ra6 33.Rxh7  1-0

[Event "Luzern ol (Men)"]
[Site "Luzern"]
[Date "1982.??.??"]
[Round "9"]
[White "Pelts, Roman"]
[Black "Christiansen, Larry Mark"]
[Result "1/2-1/2"]
[WhiteElo "2450"]
[BlackElo "2505"]

1.Nf3 d6 2.d4 g6 3.g3 Bg7 4.Bg2 Nf6 5.O-O O-O 6.c4 Nbd7 7.Qc2 e5 8.Rd1 Qe7
9.Nc3 Re8 10.Bg5 c6 11.Ne4 exd4 12.Rxd4 c5 13.Nxf6+ Nxf6 14.Rd2 Bf5 15.Qb3 h6
16.Bxf6 Bxf6 17.Rad1 Rad8 18.Ne1 Rd7 19.Nd3 Bg5 20.e3 h5 21.h3 Qd8 22.Nc1 a6
23.Ne2 Bh6 24.Kh2 Bg7 25.Nf4 Be5 26.Bxb7 h4 27.Bc6 hxg3+ 28.fxg3 Kg7 29.e4 Bxe4
30.Bxe4 Bxf4 31.Re2 Be5 32.Qf3 Qg5 33.Kg2 Rh8 34.Rh1 f5 35.Bc6 Re7 36.h4 Qf6
37.b3 Rh5 38.Ree1 Rf7 39.Bd5 Rf8 40.Ref1 a5 41.Qd1 Rh6 42.Qe1 Qd8 43.Bf3 Re8
44.Qd2 Bd4 45.Re1 Re5 46.Re2 Rh8 47.Rhe1 Rhe8 48.Bd5 f4 49.Rxe5 dxe5 50.Qd3 Rf8
51.Rf1 Be3 52.Qe2 Qd7 53.Qf3 Rh8 54.Rd1 Bd4 55.Rh1 g5 56.gxf4 gxf4 57.Qh3 Qxh3+
58.Rxh3 Kf6 59.Kf3 Be3  1/2-1/2

[Event "Luzern ol (Men)"]
[Site "Luzern"]
[Date "1982.??.??"]
[Round "11"]
[White "Christiansen, Larry Mark"]
[Black "Mestel, A Jonathan"]
[Result "1/2-1/2"]
[WhiteElo "2505"]
[BlackElo "2540"]

1.d4 Nf6 2.g3 c5 3.d5 e6 4.c4 exd5 5.cxd5 d6 6.Bg2 g6 7.Nc3 Bg7 8.Nf3 O-O
9.O-O a6 10.a4 Re8 11.Bf4 Qc7 12.h3 Nbd7 13.Re1 Rb8 14.e4 Nh5 15.Bd2 b5 16.axb5 axb5
17.g4 Nhf6 18.Bf1 c4 19.b4 cxb3 20.Qxb3 Nc5 21.Qb4 Na6 22.Nxb5 Nxb4 23.Nxc7 Rxe4
24.Rab1 Rxe1 25.Bxe1 Na6 26.Rxb8 Nxb8 27.Bb4 Bb7 28.Bxd6 Nxd5 29.Ng5 Nxc7
30.Bxc7 Na6 31.Bd6 h6  1/2-1/2

[Event "Luzern ol (Men)"]
[Site "Luzern"]
[Date "1982.??.??"]
[Round "13"]
[White "Birnboim, Nathan"]
[Black "Christiansen, Larry Mark"]
[Result "1-0"]
[WhiteElo "2445"]
[BlackElo "2505"]

1.d4 Nf6 2.c4 e6 3.g3 Bb4+ 4.Nd2 d5 5.Bg2 O-O 6.Nf3 b6 7.O-O Bb7 8.Ne5 c5
9.a3 Bxd2 10.Bxd2 cxd4 11.Bb4 Re8 12.Qxd4 Nc6 13.Nxc6 Bxc6 14.Rad1 Rc8 15.cxd5 Bxd5
16.e4 Bb3 17.Qxd8 Rexd8 18.Rxd8+ Rxd8 19.Rc1 h6 20.e5 Nd5 21.Bd6 g5 22.Bf1 Kg7
23.Ba6 h5 24.Kg2 Kg6 25.Kf3 f5 26.h4 g4+ 27.Ke2 f4 28.Kd3 fxg3 29.fxg3 Rd7
30.Bb5 Rd8 31.Ba6 Rd7 32.Rf1 Kg7 33.Bb5 Rd8 34.Rc1 Kg6 35.Ke2 a5 36.Ba6 a4
37.Rc6 Rd7 38.Rc8 Rf7 39.Rg8+ Kh6 40.Bd3 Rf5 41.Bxf5 exf5 42.e6 Bc4+ 43.Ke1 Nf6
44.Bf8+ Kh7 45.Rg7+ Kh8 46.Rg5 Ne4 47.Rxf5 Kg8 48.Bb4 Nxg3 49.e7 Bf7 50.Re5 Be8
51.Kf2 Nh1+ 52.Kg1  1-0